000 00485nam a2200181Ia 4500
001 23166
005 20260414150919.0
008 260414t2014||||xx |||||||||||||| ||spa||
041 _aESP
082 _a625.4
_bL88
100 _aLópez Pita, Andrés
_eAUT
245 0 _aLíneas de ferrocarril de alta velocidad :
_bplanificación, construcción y explotación
260 _c2014
300 _a285 páginas :
_c24 cm.
650 _a0
654 _aCIC
942 _cLIB
_dJUS
_fJUS
_2ddc
_n
999 _c23166
_d23166